000 00632nam a22001817a 4500
003 UA-OsUOA
001 12901
007 ta
008 20050531b un ||||| |||| 00| 0 ukr d
100 _aБереза Ю.
942 _cSA
040 _aUA-OsUOA
_cUA-OsUOA
_dUA-OsUOA
245 _aСміх порятує світ
_b[Розмова з поетом і прозаїком Ю. Березою з нагоди 50-річного ювілею]/Розмовляв І. Кидрук
300 _aС.4
955 _a0
773 0 _w0
_tВісті Рівненщини
_dРівне
_d2005
_g№38/25 трав./
650 7 _aБереза Ю.
_2UDC
999 _c299062
_d299062